| 000 | 00591nam a2200217 a 4500 | ||
|---|---|---|---|
| 001 | 18154 | ||
| 003 | CO-ViMGA | ||
| 008 | 141112s2004 ck r 000 u spa d | ||
| 020 | _a8466303316 | ||
| 040 |
_aCO-ViMGA _bspa _cCO-ViMGA |
||
| 082 | 0 | 4 | _aPe863.6 V174f |
| 100 | 1 | _aVargas Llosa, Mario | |
| 245 | 1 | 0 | _aLa fiesta del chivo |
| 260 |
_aMadríd (España), _cSantillana, _c2000 |
||
| 300 | _a569.p. | ||
| 590 | _aForma de adquisición : Premio - Mincultura | ||
| 650 | 1 | 4 |
_aDIABLO - NOVELA _925839 |
| 650 | 1 | 4 |
_aNOVELA - POLICIACA _914732 |
| 650 | 1 | 4 | _aNOVELA PERUANA |
| 942 |
_2ddc _cBK |
||
| 999 |
_c27526 _d27526 |
||